Score 0/24 Timer 07:00
3 Plays Today
Track Duration Famous Person % Correct
0:35 - 0:44George W. Bush
94.5%
0:54 - 0:58Arnold Schwarzenegger
79.6%
0:59 - 1:09Woody Allen
59.9%
2:32 - 2:38Robert De Niro
55.5%
0:29 - 0:34Jimmy Stewart
50.7%
3:18 - 3:31Jack Nicholson
50.1%
3:32 - 3:40Barack Obama
50%
2:57 - 3:07Christopher Walken
47.6%
2:19 - 2:31Morgan Freeman
41.8%
0:12 - 0:17Ricky Gervais
41.5%
2:39 - 2:47Johnny Carson
33.9%
2:08 - 2:18Droopy Dog
30.8%
Track Duration Famous Person % Correct
0:45 - 0:53 William Shatner
28%
1:25 - 1:33Tom Brokaw
27.6%
1:59 - 2:07Craig Ferguson
26.3%
1:17 - 1:24George Clooney
21.5%
0:18 - 0:22Ron Howard
20%
1:39 - 1:45Casey Kasem
16.9%
3:08 - 3:17Simon Cowell
12.2%
1:46 - 1:58Garrison Keillor
11.9%
0:23 - 0:28Richard Burton
10.5%
1:34 - 1:38Harvey Keitel
4%
2:48 - 2:56Paul Giamatti
2.4%
1:10 - 1:16Boris Karloff
1.2%
Remove Ads.
Support Sporcle.
Get the best of Sporcle when you Go Orange. This ad-free experience offers more features, more stats, and more fun while also helping to support Sporcle. Thank you for becoming a member.

You're not logged in!

Compare scores with friends on all Sporcle quizzes.
OR
Log In

Show Comments

Extras

Top Quizzes Today


Score Distribution

Your Account Isn't Verified!

In order to create a playlist on Sporcle, you need to verify the email address you used during registration. Go to your Sporcle Settings to finish the process.

Report this User

Report this user for behavior that violates our Community Guidelines.

Details: